New Fourth Branch (Record no. 1308248)
[ view plain ]
| 000 -LEADER | |
|---|---|
| fixed length control field | 00785nam a22002417a 4500 |
| 005 - DATE AND TIME OF LATEST TRANSACTION | |
| control field | 20250327170251.0 |
| 008 - FIXED-LENGTH DATA ELEMENTS--GENERAL INFORMATION | |
| fixed length control field | 250327b |||||||| |||| 00| 0 eng d |
| 020 ## - INTERNATIONAL STANDARD BOOK NUMBER | |
| International Standard Book Number | 9781009048491 |
| 037 ## - SOURCE OF ACQUISITION | |
| Terms of availability | REF |
| 040 ## - CATALOGING SOURCE | |
| Original cataloging agency | LCT |
| Transcribing agency | LCT |
| 041 ## - LANGUAGE CODE | |
| Source of code | eng |
| Language code of text/sound track or separate title | eng |
| 084 ## - COLON CLASSIFICATION NUMBER | |
| Classification number | V2:2:(Z),d R1 |
| 100 ## - MAIN ENTRY--PERSONAL NAME | |
| Personal name | Tushnet, Mark |
| 245 ## - TITLE STATEMENT | |
| Title | New Fourth Branch |
| Remainder of title | Institutions for Protecting Constitutional Democracy/ |
| 260 ## - PUBLICATION, DISTRIBUTION, ETC. | |
| Place of publication, distribution, etc. | Cambridge, UK: |
| Name of publisher, distributor, etc. | Cambridge University Press, |
| Date of publication, distribution, etc. | 2021 |
| 300 ## - PHYSICAL DESCRIPTION | |
| Extent | ix, 186p. |
| 490 ## - SERIES STATEMENT | |
| Series statement | Comparative Constitutional Law and Policy |
| 650 ## - SUBJECT ADDED ENTRY--TOPICAL TERM | |
| Topical term or geographic name entry element | Anticorruption agencies |
| 9 (RLIN) | 751567 |
| 650 ## - SUBJECT ADDED ENTRY--TOPICAL TERM | |
| Topical term or geographic name entry element | Constitutional democracy |
| 9 (RLIN) | 751568 |
| 650 ## - SUBJECT ADDED ENTRY--TOPICAL TERM | |
| Topical term or geographic name entry element | Government |
| 9 (RLIN) | 702413 |
| 650 ## - SUBJECT ADDED ENTRY--TOPICAL TERM | |
| Topical term or geographic name entry element | Fourth branch |
| 9 (RLIN) | 751569 |
| 942 ## - ADDED ENTRY ELEMENTS (KOHA) | |
| Source of classification or shelving scheme | Colon Classification (CC) |
| Koha item type | Reference |
| Classification part | V2:2:(Z),d R1 |
| Suppress in OPAC | No |
| Withdrawn status | Lost status | Source of classification or shelving scheme | Damaged status | Not for loan | Collection | Home library | Current library | Shelving location | Date acquired | Source of acquisition | Total Checkouts | Full call number | Barcode | Date last seen | Price effective from | Koha item type |
|---|---|---|---|---|---|---|---|---|---|---|---|---|---|---|---|---|
| Colon Classification (CC) | Not For Loan | Reference | Law Centre-II Library | Law Centre-II Library | Reference | 2025-03-27 | Satyam | V2:2:(Z),d R1 | LT0029025 | 2025-03-27 | 2025-03-27 | Reference |
